Регионална библиотека "Любен Каравелов" - Русе

Знаменити вегетарианци (Запис номер 102370)

MARC детайли
000 -Лидер
Контролно поле с фиксирана дължина 02390nam a2200445 c 4500
003 - Код на организацията, давaща контролен номер
Контролно поле BLK
005 - Дата и час на последна редакция
Контролно поле 20180420230143.0
008 - Елементи от данни с фиксирана дължина
fixed length control field 180409b bul|||||r ||||||| ||bul||
010 ## - Наследен системен номер
LC control number KNG00107436000
020 ## - Международен стандартен номер на книга ISBN
Международен стандартен номер на книга ISBN 954-750-008-2
-- издат.: Алтея
040 ## - Източник на каталожния запис
Идентификатор на билиотеката - собственик на записа BLK
041 ## - Код за език
Код за езика на текст/звукозапис или на отделно заглавие Български
Код за езика КДБФ Български
072 #7 - Код за тематичната категория
Код организация bullib
Код за тематична категория Л04
Текст Лечебно хранене
080 ## - УДК
Текстов определител УДК Хигиена на храненето с продукти от растителен и минерален произход - Вегетарианство;плодове, зеленчуци, корени, растителни масла, консерви и др.
УДК код - определител по УДК 613.26/.27
УДК определител .000.1(092)
УДК - код + определител 613.26/.27.000.1(092)
080 ## - УДК
Текстов определител УДК Вегетарианска храна
УДК код - определител по УДК 641.564
УДК определител (083.1)
УДК - код + определител 641.564(083.1)
080 ## - УДК
Текстов определител УДК Биографии
УДК код - определител по УДК 929
УДК определител (100)
УДК - код + определител 929(100)
100 1# - Редна дума - Автор
Автор Бери, Рин
Авторска отговорност първи автор
R(LIN) 309177
139 ## - Редно поле
Редна дума Бери, Рин
Авторски знак Бер - Б 38
245 10 - Сведения за заглавието
Заглавие Знаменити вегетарианци
Подзаглавни данни От Буда до Бийтълс : Духовно учение, живот, филос. възгледи и техните любими рецепти
Редно поле (дума) Рин Бери; прев. Мария Ракъджиева.
257 ## - Страна на издаване
Страна на създаване/издаване Съединени американски щати
260 ## - Област на издателските данни
-- София
Име на издателя, разпространителя и проч. Алтея
Година на издаване 2003
Печатница София : Миско принт
300 ## - Физическа характеристика
Страници 215 с.
Илюстрации и др. с портр.
Размери/Мащаб 24 см
380 ## - Жанр
Жанр Медицина
490 1# - СЕРИИ (Колекции)
Име на серия Поредица Здраве и живот
500 ## - Общи забележки
Забележка Ориг. загл. Famous vegetarians their favorite recipes / Pynn Berry Jr. - Съдържа и Биографични бележки за автора ; Защо Хитлер не е бил вегетарианец ; Защо Нютон, Айнщайн, Едисон и Швайцер не са били вегетарианци. - Офс. изд.
650 #4 - Допълнително описание по предмет – тема
Основно описание – тема или топоним Хранене - хигиена
9 (RLIN) 244313
650 #4 - Допълнително описание по предмет – тема
Основно описание – тема или топоним Вегетарианство - философски проблеми
9 (RLIN) 260505
650 #4 - Допълнително описание по предмет – тема
Основно описание – тема или топоним Вегетариански ястия - рецепти
9 (RLIN) 150452
653 ## - Ключова дума – ненормативна
Ключова дума вегетарианство
653 ## - Ключова дума – ненормативна
Ключова дума рецепти
653 ## - Ключова дума – ненормативна
Ключова дума биографии
653 ## - Ключова дума – ненормативна
Ключова дума лечебно хранене
659 ## - Тематичен бюлетин
Тематичен бюлетин Л
700 1# - Други автори (авторска отговорност)
Лично име Ракъджиева, Мария
Автороска отговорност (Описва отношението между автора и произведението) прев.
9 (RLIN) 115007
852 ## - Местоположение
Форматна сигнатура Цб 215698
856 4# - Електронен адрес и достъп
Електронен формат pdf - файл
Път до файла /url/
856 4# - Електронен адрес и достъп
Електронен формат pdf - файл
Път до файла /url/
942 ## - АРТИКУЛИ
Вид на библиотечния материал Книги
Скрит в OPAC Не
944 ## - СЪЗДАВАНЕ И РЕДАКЦИЯ на ЗАПИСА
Създаване/Редакция Създаване
Дата на регистрацията/редакция 04.08.2003
Служител, извършил регистрацията/редакцията Ирена_Линкова
944 ## - СЪЗДАВАНЕ И РЕДАКЦИЯ на ЗАПИСА
Създаване/Редакция Редакция
Дата на регистрацията/редакция 15.11.2011
Служител, извършил регистрацията/редакцията
999 ## - СИСТЕМНИ КОНТРОЛНИ НОМЕРА
Koha biblionumber 102370
Koha biblioitemnumber 102370
Наличности
Код за отписване Код за изгубен артикул Код за повреда Коз за рестрикции Код за отдаване Артикулен № Име на библиотеката - собственик Име на библиотеката, в която се намира в момента Статус (Текущо местоположение) Дата на вписване в системата Местоположение - отдел Цена в лева Инвентарен номер Систематично азбучна сигнатура Баркод Номер на екземпляра Цена в евро Служебна бележка Служебен тип на артикула
  Не е изгубен Не е повреден без рестрикции ползва се в читалня 165369 Регионална библиотека "Любен Каравелов" Русе Регионална библиотека "Любен Каравелов" Русе Читалня 2003-08-07 Читалня 7.00 120000678127 Ч 613/Б 38 120000678127 1 3.58 Дост: Pk Вид: Ф N: 16262 Дата: 05.08.2003 Дата инв: 17.03.2017 Бележки инв: Ч2017 Книги
  Не е изгубен Не е повреден без рестрикции ползва се в читалня 165370 Регионална библиотека "Любен Каравелов" Русе Регионална библиотека "Любен Каравелов" Русе Хранилище 2005-09-14 Хранилище 7.00 120000696636 Цб 215698 120000696636 2 3.58 Дост: Dp Вид: Д N: 36 Дата: 25.08.2004 Книги
Vip Innovations Ltd, Rousse, Bulgaria 2025